Stories of japanese ethics

Αποθηκεύτηκε σε:
Λεπτομέρειες βιβλιογραφικής εγγραφής
Κύριος συγγραφέας: Natori, Junichi
Μορφή: Βιβλίο
Γλώσσα:Undetermined
Έκδοση: Japan The Hokuseido Press 1942
Θέματα:
Ετικέτες: Προσθήκη ετικέτας
Δεν υπάρχουν, Καταχωρήστε ετικέτα πρώτοι!
Thư viện lưu trữ: Trung tâm Học liệu Trường Đại học Cần Thơ
LEADER 00495nam a2200193Ia 4500
001 CTU_114472
008 210402s9999 xx 000 0 und d
082 |a 895.6 
082 |b N279 
100 |a Natori, Junichi 
245 0 |a Stories of japanese ethics 
245 0 |c Junichi Natori 
260 |a Japan 
260 |b The Hokuseido Press 
260 |c 1942 
650 |a Japan,Japan 
650 |x History,Fiction 
904 |i Giang 
980 |a Trung tâm Học liệu Trường Đại học Cần Thơ